000 01296nam a2200289 a 4500
001 000042565
003 DO-SdBNP
005 20220930151013.0
008 110303s2004 dr r 000 0 spa d
040 _aDO-SdBNP
_bspa
_cBNPHU
082 _a021.7
_bF356q, 2004
111 1 _aFeria Internacional del Libro
_n(7º :
_d2004: 22-2 abril-mayo
_cSanto Domingo, República Dominicana)
_969811
245 1 0 _a¿Quién es quién? :
_bcatalogo de expositores.
246 3 0 _aSéptima Feria Internacional del Libro Santo Domingo 2004
260 _aSanto Domingo :
_bDirección General de la Feria del Libro,
_c2004.
300 _a82 p. ;
_c23 cm.
500 _aPaís invitado de honor: Puerto Rico, dedicada a Pablo Neruda.
500 _aEn la portada: Leer te enriquece.
500 _aEn homenaje a Pablo Neruda, en el primer centenario de su nacimiento
590 _aInventariado,2018/DG
611 2 4 _aFERIA INTERNACIONAL DEL LIBRO
_n(7ª :
_d2004 :
_cSANTO DOMINGO, REPÚBLICA DOMINICANA)
_xPROGRAMAS
_969812
650 4 _aIndustria del libro
_zRepública Dominicana
_xProgramas
_955292
650 4 _aFeria del libro
_zRepública Dominicana
_y2004
_xProgramas
_969813
650 4 _aLibros
_xExposiciones
_zRepública Dominicana
_933375
910 _aValidado. Control de calidad. EMS
942 _2ddc
_cLBS1
999 _c42054
_d42054